<?xml version="1.0" encoding="UTF-8"?><?xml-stylesheet type="text/xsl" href="static/style.xsl"?><OAI-PMH xmlns="http://www.openarchives.org/OAI/2.0/" xmlns:xsi="http://www.w3.org/2001/XMLSchema-instance" xsi:schemaLocation="http://www.openarchives.org/OAI/2.0/ http://www.openarchives.org/OAI/2.0/OAI-PMH.xsd"><responseDate>2026-04-17T16:33:01Z</responseDate><request verb="GetRecord" identifier="oai:riubu.ubu.es:10259/11520" metadataPrefix="marc">https://riubu.ubu.es/oai/request</request><GetRecord><record><header><identifier>oai:riubu.ubu.es:10259/11520</identifier><datestamp>2026-04-16T07:02:01Z</datestamp><setSpec>com_10259_7072</setSpec><setSpec>com_10259_3812</setSpec><setSpec>com_10259.4_106</setSpec><setSpec>com_10259_2604</setSpec><setSpec>col_10259_10673</setSpec></header><metadata><record xmlns="http://www.loc.gov/MARC21/slim" xmlns:doc="http://www.lyncode.com/xoai" xmlns:xsi="http://www.w3.org/2001/XMLSchema-instance" xmlns:dcterms="http://purl.org/dc/terms/" xsi:schemaLocation="http://www.loc.gov/MARC21/slim http://www.loc.gov/standards/marcxml/schema/MARC21slim.xsd">
<leader>00925njm 22002777a 4500</leader>
<datafield tag="042" ind1=" " ind2=" ">
<subfield code="a">dc</subfield>
</datafield>
<datafield tag="720" ind1=" " ind2=" ">
<subfield code="a">Medina Arnáiz, Teresa</subfield>
<subfield code="e">author</subfield>
</datafield>
<datafield tag="260" ind1=" " ind2=" ">
<subfield code="c">2019</subfield>
</datafield>
<datafield tag="520" ind1=" " ind2=" ">
<subfield code="a">El objetivo de prevenir y combatir el fraude, la corrupción y cualesquiera otras irregularidades en la contratación pública constituye una prioridad en la nueva regulación contractual en tanto que estas prácticas socavan la eficiencia de los procedimientosde adjudicación y contravienen sus normas esenciales, cercenando la posibilidad de lograr un uso eficiente de los fondos públicos.&#xd;
Tanto desde el Derecho de la Unión Europea, con la aprobación de las&#xd;
Directivas sobre contratación pública del año 2014, como desde el Derecho nacional con la Ley 9/2017, de 8 de noviembre, de Contratos del Sector Público (en adelante LCSP), los esfuerzos se han centrado en promover la transparencia, la integridad y la buena gobernanza en todas las fases contractuales como elementos necesarios para garantizar la máxi­ma apertura a la competencia.</subfield>
</datafield>
<datafield tag="024" ind2=" " ind1="8">
<subfield code="a">978-84-7943-545-5</subfield>
</datafield>
<datafield tag="024" ind2=" " ind1="8">
<subfield code="a">https://hdl.handle.net/10259/11520</subfield>
</datafield>
<datafield tag="245" ind1="0" ind2="0">
<subfield code="a">El mapa de la corrupción en la contratación pública</subfield>
</datafield>
</record></metadata></record></GetRecord></OAI-PMH>